000 00925nab a2200265 u 4500
001 11926
003 HDC
007 cr bn ---aaaaa
008 210208c9999 io |r|noo 0 a ind d
040 _aHDC
100 _aFitria Rahmadianti
_eauthor
_910486
245 0 _aLPPOM MUI Perkenalkan Metode Baru untuk Deteksi Bahan Nonhalal / oleh
_cFitria Rahmadianti
260 _a[no place] :
_b[publisher not identified],
_c[no year]
336 _atext
_2rdacontent
337 _acomputer
_2rdamedia
338 _aonline resource
_2rdacarrier
650 _aHalal test
_910435
650 _aMuslim consumers
_91443
650 _atest of non-halal ingredients
_912293
710 _aDetik.com
856 _zRequest full-text at [email protected]
942 _2lcc
942 _cNEWS
942 _kNWSO 001391
999 _c9249
_d9249